000 00607nam a22002177a 4500
003 Ost
005 20250902143716.0
008 250902b |||||||| |||| 00| 0 eng d
020 _a9788126540402
040 _cBT-PhCST
050 _a25561-25562
082 _222
_a621.3
_bRAM
100 _aRamachandran, K.P.
245 _aMechatronics integrated mechanical electronic systems /
260 _aIndia :
_bWiley Private Limited,
_cc2019.
300 _axxii, 830 p. ;
_bill. ;
_c24 cm.
500 _aIncludes index.
700 _aVijayaraghavan, G.K.
700 _aBalasundaram, M.S.
942 _2ddc
_cICE
999 _c10103
_d10103